| 000 | 02256nam0a2200397 4500 | ||
|---|---|---|---|
| 001 | RU\NLR\bibl\1929186 | ||
| 005 | 20260406091244.0 | ||
| 010 |
_a978-5-93165-308-2 _91500 |
||
| 021 |
_aRU _b2012-50127 _93666 |
||
| 035 | _a(NLR Aleph) 001918553 | ||
| 090 |
_a3274246 _c3274246 |
||
| 100 | _a20120727d2012 |||y0rusy50 ca | ||
| 101 | 0 | _arus | |
| 102 | _aRU | ||
| 105 | _aa ||||||||| | ||
| 200 | 1 |
_aГрозный. Особый район _eопыт документальной реконструкции _eхроника действий воинских частей и подразделений федеральных войск в ходе контртеррористической операции по освобождению столицы Чеченской Республики от незаконных вооруженных формирований, декабрь 1999 - февраль 2000 года _f[Журавель Валерий Петрович, Лебедев Александр Владимирович] |
|
| 205 | _a[2-е изд., испр.] | ||
| 210 |
_aМосква _cРусская панорама _d2012 |
||
| 215 |
_a415 с. _cил., портр. _d25 |
||
| 300 | _aАвт. указаны на обл. | ||
| 300 | _aНа 4-й с. обл. 1-й авт.: Журавель В.П., полк. запаса, к.п.н. | ||
| 320 | _aБиблиогр.: с. 413 и в подстроч. примеч. | ||
| 517 | 0 | _aОсобый район | |
| 607 |
_aГрозный, город (Чечня) _xОсвобождение от незаконных вооруженных формирований _zдекабрь 1999 - февраль 2000 _92094820 _3RU\NLR\auth\661571106 |
||
| 686 | _aЦ4,6(2Р)243.9(2Р-6Че),013 | ||
| 686 | _aТ3(2)74-36,013 | ||
| 686 | _aТ3(2Р-6Че)74,013 | ||
| 700 | 1 |
_4070 _7ca _8rus _aЖуравель _bВ. П. _f1952- _gВалерий Петрович _3RU\NLR\AUTH\770281832 _92669304 |
|
| 701 | 1 |
_4070 _8rus _7ca _aЛебедев _bА. В. _cжурналист _f1974- _gАлександр Владимирович _3RU\NLR\auth\77115726 _998651 |
|
| 801 | 0 |
_aRU _bNLR _c20120727 _gRCR |
|
| 801 | 1 |
_aRU _bNLR _c20120727 |
|
| 830 | _aпо кн | ||
| 942 | _cBOOK | ||
| 980 | _aNB | ||
| 980 | _aNBR | ||